000
00342nam a2200169Ia 4500
100
_a
Apte/Shaila D
650
_a
DSP
250
_a
2
942
_c
BK
366
_f
27
245
_a
Digital signal processing
260
_b
Wiley India
_c
2009
082
_a
621.3822
_b
APT
300
_a
466
546
_a
ENGLISH
_c
PAMPHALETS
999
_c
24151
_d
24151